Periodic Table Element Etymologies - Statistics

General Stats
  • This quiz has been taken 54 times
  • The average score is 50 of 118
Answer Stats
Named After Element % Correct
France Francium
85%
Germany Germanium
85%
Ferrum/Holy Metal Iron
82%
Sulfre/Sulpur Sulfur
82%
The 8th planet | Roman god of the sea Neptunium
79%
The creator of E=mc^2 Einsteinium
76%
The most populous US state Californium
74%
The sun Helium
74%
A "planet" | Roman god of the Underworld Plutonium
74%
Poland Polonium
74%
Argentum/Shining Silver
74%
Norse god of thunder Thorium
74%
The 7th planet | Greek personification of heaven Uranium
74%
Beryl | Formerly named after the Greek word for sweet (Don't try tasting this, though.) Beryllium
71%
Indigo Indium
68%
Pipes/Plumbum Lead
68%
Inventor of the Periodic Table Mendelevium
68%
Nitre Nitrogen
68%
Kalium | Potash Potassium
68%
Ruthenia Ruthenium
68%
Scandinavia Scandium
68%
The United States/The continent Columbus "discovered" Americium
65%
A city in California (The University of California's main location) Berkelium
65%
The discoverers of Polonium and Radium Curium
65%
Greek for water Hydrogen
65%
Latin for Liquid Silver | The messenger of the Roman Gods Mercury
65%
The capital of Russia Moscovium
65%
The inventor of dynamite Nobelium
65%
Swedish for heavy stone/Wolfram Tungsten
65%
Borax Boron
62%
Charcoal Carbon
62%
Japan Nihonium
59%
Originally meaning Shining, got its name from Radium Radon
59%
Greek for moon Selenium
59%
Cyprus Copper
56%
A continent that has a Union Europium
56%
The Greek giver of fire Promethium
56%
The Rhine Rhenium
56%
A town in Sweden, the fourth element to be found there Ytterbium
56%
A dwarf planet | Roman goddess of agriculture Cerium
53%
The astronomer who composed the Heliocentric theory Copernicium
53%
Roman name for France | Latin for rooster Gallium
53%
Greek for new Neon
53%
The founder of x-rays Roentgenium
53%
A Swedish town, the first to be found there Yttrium
53%
A town in Sweden, the third element to be found there Erbium
50%
Greek for Color Chromium
47%
Greek goddess of the rainbow Iridium
47%
Latin name for Paris Lutetium
44%
Before Actinium Protactinium
44%
Latin for ray Radium
44%
Stannum Tin
44%
A group of deities that preceded the Olympians Titanium
44%
Danish physicist who composed the modern atomic model Bohrium
41%
Latin for Stockholm Holmium
41%
Latin for magnet | A region in Greece (1st element to be named after the region) Manganese
41%
Otto Hahn's female partner Meitnerium
41%
New twin Neodymium
41%
The person who created one of the earliest atomic models Rutherfordium
41%
A city in Germany Darmstadtium
38%
A town in Sweden, the second to be found there Terbium
38%
Stibium/Monk-Killer/Never Alone Antimony
35%
Pale-green Chlorine
35%
German for Goblin Cobalt
35%
The creator of the first chain reaction Fermium
35%
German state Hassium
35%
The daughter of Tantalus | Formerly named after the explorer who "discovered" America Niobium
35%
Greek for "Green Twin" Praseodymium
35%
Latin for red Rubidium
35%
Artificial/Craft Technetium
35%
A laboratory in Russia Dubnium
32%
Greek for violet Iodine
32%
Greek for "Stone" Lithium
32%
A region of Greece (The second element to be named after that region) Magnesium
32%
Acid Oxygen
32%
Little Silver Platinum
32%
The discoverer of many elements of the Actinides Seaborgium
32%
Greek for strange Xenon
32%
To flow Fluorine
29%
A Finnish chemist Gadolinium
29%
Yellow | Shining Dawn Gold
29%
Greek for hidden Krypton
29%
A lab in California Livermorium
29%
Nater/Headache Sodium
29%
Greek for lazy Argon
26%
Latin name for Copenhagen Hafnium
26%
Rose-colored Rhodium
26%
A son of Zeus (Famous for a punishment) Tantalum
26%
Latin for Earth Tellurium
26%
Latin for lime Calcium
24%
A Soviet physicist (Named after he died) Flerovium
24%
Inventor of the cyclotron Lawrencium
24%
A town in Scotland Strontium
24%
Home of the Oak Ridge Power Plant Tennessine
24%
Norse goddess of beauty Vanadium
24%
Stench/Bad Smell Bromine
21%
An asteroid Palladium
21%
Greek for unstable Astatine
18%
Greek for heavy Barium
18%
The legendary founder of the Grecian Thebes Cadmium
18%
German for devil (Copper Devil) Nickel
18%
Greek for odor Osmium
18%
A Russian mine official Samarium
18%
Early name for Scandinavia Thulium
18%
A Russian physicist (Named when he was still alive) Oganneson
15%
The Greek personification of the Morning Star Phosphorus
15%
Green shoot Thallium
15%
German for point Zinc
15%
Persian for "Gold-colored" Zirconium
15%
Bitter salt Aluminum
12%
White mass Bismuth
12%
Greek word for lead Molybdenum
12%
Ray in Greek Actinium
9%
Greek for Yellow Orpiment | Gold Arsenic
9%
Latin for grayish-blue Cesium
9%
Greek for "Hard to get at" Dysprosium
9%
Greek for "lie hidden" Lanthanum
9%
Latin for Flint Silicon
9%
No matching quizzes found
Score Distribution
Percent of People with Each Score
Percentile by Number Answered
Your Score History
You have not taken this quiz